Вып. 3 : Работы по спорово-пыльцевому анализу; Материалы по геоморфологии и палеогеографии СССР

Dades bibliogràfiques
Parent link:Материалы по геоморфологии и палеогеографии СССР/ Академия наук СССР (АН СССР), Институт географии (ИГ). Вып. 3 : Работы по спорово-пыльцевому анализу.— , 1948-
Altres autors: Герасимов И. П. (редактор)
Idioma:rus
Publicat: 1950
Col·lecció:Труды института географии Вып. 46
Matèries:
Format: MixedMaterials Llibre
KOHA link:https://koha.lib.tpu.ru/cgi-bin/koha/opac-detail.pl?biblionumber=103753

MARC

LEADER 00000nam2a2200000 4500
001 103753
005 20231101214515.0
035 |a (RuTPU)RU\TPU\book\111851 
035 |a RU\TPU\book\252056 
035 |a RU\TPU\book\252438 
090 |a 103753 
100 |a 20130201d1950 k y0rusy50 ca 
101 0 |a rus 
102 |a RU 
105 |a a z 001zy 
200 0 |a Вып. 3 : Работы по спорово-пыльцевому анализу  |f отв. ред. И. П. Герасимов 
210 |d 1950 
215 |a 361 с.  |c ил. 
225 1 |a Труды института географии  |v Вып. 46 
320 |a Библиогр. в конце ст. 
461 1 |0 (RuTPU)RU\TPU\book\252056  |t Материалы по геоморфологии и палеогеографии СССР  |f Академия наук СССР (АН СССР), Институт географии (ИГ)  |v Вып. 3 : Работы по спорово-пыльцевому анализу  |d 1948-  |s Труды института географии 
606 1 |a Геоморфология  |2 stltpush  |3 (RuTPU)RU\TPU\subj\6207  |9 34142 
606 1 |a Палеогеография  |2 stltpush  |3 (RuTPU)RU\TPU\subj\47964  |9 66847 
610 1 |a голоценовые отложения 
610 1 |a СССР 
610 1 |a стратиграфия 
610 1 |a растительный покров 
610 1 |a распространение 
610 1 |a спорово- пыльцевой метод 
610 1 |a Русская равнина 
610 1 |a оледенение 
610 1 |a пыльца 
675 |a 551.4  |v 3 
675 |a 551.8  |v 3 
702 1 |a Герасимов  |b И. П.  |4 340 
801 1 |a RU  |b 63413507  |c 20061020  |g PSBO 
801 2 |a RU  |b 63413507  |c 20180814  |g PSBO 
942 |c BK